000
00237nam a2200097Ia 4500
001
986757
005
20250826221107.0
008
250824s9999 xx 000 0 und d
245
0
_a
BÖCEK ÇOCUK
_c
M.G. LEONARD
260
_b
DOMİNGO YAYINEVİ
999
_c
986757
_d
986757